[Event "1. OEsterreichische Internet Schach Meisterschaft - Vorrunde 1"]
[Site "Online - Playchess.com"]
[Date ""]
[Round "5"]
[Board "31"]
[White "Pirker, Christian"]
[Black "Wischounig, Laurin"]
[Result "1-0"]
[WhiteElo "2167"]
[BlackElo "1878"]
[PlyCount "93"]
[EventDate "2020.04.11"]
[EventRounds "9"]
[EventCountry "AUT"]

1. e4 c6 2. d3 d5 3. Nd2 dxe4 4. dxe4 Nf6 5. Ngf3 Bg4 6. h3 Bh5 7. g4 Bg6 8.
Qe2 e6 9. Bg2 Nbd7 10. O-O Bc5 11. a4 O-O 12. c4 a6 13. e5 Ne8 14. Ne4 Be7 15.
a5 Bxe4 16. Qxe4 Nc5 17. Qe2 Qc7 18. Bd2 Rd8 19. Bc3 g6 20. Rfd1 Ng7 21. b4
Rxd1+ 22. Rxd1 Nd7 23. c5 Rd8 24. Nd2 h5 25. Nc4 hxg4 26. hxg4 Nf8 27. Nd6 Nh7
28. f4 Bxd6 29. exd6 Qd7 30. g5 Nh5 31. Qe5 f6 32. gxf6 N7xf6 33. Bh3 Kf7 34.
Rd2 Re8 35. Rg2 Nd5 36. Qxh5 gxh5 37. Rg7+ Kf8 38. Rxd7 Nxc3 39. Rxb7 Ne2+ 40.
Kh2 Nxf4 41. Rb6 Nd5 42. Rxc6 Nxb4 43. Rb6 Nd3 44. c6 Ne5 45. d7 Rd8 46. c7
Rxd7 47. c8=Q+ {Laurin3006 resigns}  1-0

[Event "1. OEsterreichische Internet Schach Meisterschaft - Vorrunde 1"]
[Site "Online - Playchess.com"]
[Date ""]
[Round "5"]
[Board "32"]
[White "Ofner, Maximilian"]
[Black "Kilgus, Georg"]
[Result "0-1"]
[WhiteElo "2177"]
[BlackElo "2461"]
[PlyCount "68"]
[EventDate "2020.04.11"]
[EventRounds "9"]
[EventCountry "AUT"]

1. e4 c5 2. Nf3 e6 3. d3 d5 4. Qe2 Be7 5. g3 b6 6. Bg2 Bb7 7. O-O Nf6 8. e5
Nfd7 9. d4 Ba6 10. Qd1 Bxf1 11. Bxf1 O-O 12. c3 Nc6 13. Na3 a6 14. h4 b5 15.
Bd3 cxd4 16. cxd4 f5 17. exf6 Bxf6 18. Ng5 Bxg5 19. Bxg5 Qb6 20. Qh5 Nf6 21.
Bxf6 Rxf6 22. Qxh7+ Kf8 23. Qh8+ Kf7 24. Qxa8 Nxd4 25. Rf1 Nf3+ 26. Kg2 Ne1+
27. Kh3 Nxd3 28. Nc2 Nxf2+ 29. Kg2 Ne4 30. Rxf6+ gxf6 31. Kh3 f5 32. Nb4 Qf2
33. Qb7+ Kf6 34. Nc6 Qxg3#  0-1

[Event "1. OEsterreichische Internet Schach Meisterschaft - Vorrunde 1"]
[Site "Online - Playchess.com"]
[Date ""]
[Round "5"]
[Board "33"]
[White "Schneider-Zinner, Harald"]
[Black "Schroettner, Martin"]
[Result "1-0"]
[WhiteElo "2381"]
[BlackElo "1934"]
[PlyCount "133"]
[EventDate "2020.04.11"]
[EventRounds "9"]
[EventCountry "AUT"]

1. d4 c6 2. c4 d5 3. cxd5 cxd5 4. Bf4 Nf6 5. Nf3 Nc6 6. Nc3 a6 7. e3 Bg4 8. Qb3
Na5 9. Qa4+ b5 10. Nxb5 axb5 11. Bxb5+ Bd7 12. Ne5 e6 13. O-O Nc6 14. Nxd7 Rxa4
15. Nxf6+ gxf6 16. Bxc6+ Ke7 17. Bxa4 Qa5 18. Bd1 Bg7 19. a3 Rc8 20. b4 Qb5 21.
Bb3 e5 22. Bg3 Rc3 23. Rfb1 exd4 24. exd4 f5 25. a4 Qxb4 26. Bxd5 Qxd4 27. Rb7+
Kf6 28. Bf3 Rxf3 29. Re1 Rxg3 30. hxg3 Qxa4 31. Ree7 Qa2 32. Rec7 Kg6 33. Rc6+
Kg5 34. Rbc7 Be5 35. f4+ Bxf4 36. gxf4+ Kxf4 37. Rc3 h5 38. Rf3+ Kg5 39. Rc1 h4
40. Rcf1 Qc2 41. R1f2 Qc1+ 42. Kh2 Qc7+ 43. Kh3 Qc5 44. Rf4 Qc1 45. Rxf5+ Kg6
46. Rf6+ Kg7 47. Rxf7+ Kg6 48. R7f6+ Kg7 49. Kh2 Qc7+ 50. R6f4 Kg6 51. Kh3 Kg5
52. Rg4+ Kh5 53. Rxh4+ Kg5 54. Rg4+ Kh5 55. Rf5+ Kh6 56. Rgf4 Qc3+ 57. Rf3 Qc8
58. g4 Qc1 59. Rf1 Qe3+ 60. R5f3 Qe2 61. R3f2 Qe3+ 62. Rf3 Qe2 63. R1f2 Qe1 64.
Rf6+ Kg7 65. Kh4 Qh1+ 66. Kg5 Qh6+ 67. Rxh6  1-0

[Event "1. OEsterreichische Internet Schach Meisterschaft - Vorrunde 1"]
[Site "Online - Playchess.com"]
[Date ""]
[Round "5"]
[Board "34"]
[White "Schwabeneder, Alois"]
[Black "Hechl, Gerald"]
[Result "0-1"]
[WhiteElo "2004"]
[BlackElo "2333"]
[PlyCount "118"]
[EventDate "2020.04.11"]
[EventRounds "9"]
[EventCountry "AUT"]

1. e4 d6 2. Nf3 Nf6 3. Qe2 e5 4. g3 Nc6 5. c3 Bg4 6. Bg2 Qd7 7. O-O Be7 8. a4
a6 9. Na3 h5 10. b4 h4 11. b5 Nd8 12. d4 Ne6 13. dxe5 dxe5 14. Rd1 Qc8 15. Bb2
Ng5 16. Qd3 Ngxe4 17. Nxe5 Bxd1 18. Bxe4 Nxe4 19. Qxe4 hxg3 20. Rxd1 gxf2+ 21.
Kh1 Qh3 22. Qg2 Qxg2+ 23. Kxg2 Bc5 24. Nd3 Bd6 25. Nxf2 Rxh2+ 26. Kg1 Rh4 27.
Nc2 axb5 28. axb5 Ra2 29. Rb1 Bc5 30. Nd4 g5 31. Kg2 Rf4 32. Kg3 Kf8 33. Nd3
Bxd4 34. Nxf4 gxf4+ 35. Kxf4 Bf6 36. Kf5 Bg7 37. Ke4 Ke7 38. Kd5 Kd7 39. Kc4 c6
40. bxc6+ Kxc6 41. Kb3 Ra5 42. Rf1 Rb5+ 43. Kc2 f5 44. Bc1 Rc5 45. Kd3 Rxc3+
46. Kd2 Rc5 47. Kd3 Rd5+ 48. Kc4 b5+ 49. Kb4 Bf8+ 50. Ka5 b4+ 51. Ka4 Bc5 52.
Bh6 Rd3 53. Ra1 Ra3+ 54. Rxa3 bxa3 55. Kb3 Kd5 56. Bc1 Ke4 57. Bd2 f4 58. Bc1
f3 59. Bd2 f2  0-1

[Event "1. OEsterreichische Internet Schach Meisterschaft - Vorrunde 1"]
[Site "Online - Playchess.com"]
[Date ""]
[Round "5"]
[Board "35"]
[White "Pali, Philipp"]
[Black "Leaua, Cristinel-Costel"]
[Result "1-0"]
[WhiteElo "2245"]
[BlackElo "2045"]
[PlyCount "47"]
[EventDate "2020.04.11"]
[EventRounds "9"]
[EventCountry "AUT"]

1. c4 Nf6 2. g3 g6 3. Bg2 Bg7 4. Nc3 O-O 5. e3 c5 6. Nge2 Nc6 7. O-O d6 8. d4
cxd4 9. exd4 Bg4 10. Be3 Qc8 11. Re1 Bh3 12. Bh1 Rd8 13. Rc1 e5 14. Nd5 exd4
15. Nxd4 Re8 16. Nxc6 bxc6 17. Nxf6+ Bxf6 18. Qxd6 Bxb2 19. Rc2 Rb8 20. Qxc6
Qf5 21. Rd2 Bc1 22. Rxc1 Rbc8 23. Qd5 Qg4 24. Bf3  1-0

[Event "1. OEsterreichische Internet Schach Meisterschaft - Vorrunde 1"]
[Site "Online - Playchess.com"]
[Date ""]
[Round "5"]
[Board "36"]
[White "Wiedermann, Daniel"]
[Black "Gelbenegger, Patrick"]
[Result "0-1"]
[WhiteElo "2048"]
[BlackElo "2240"]
[PlyCount "120"]
[EventDate "2020.04.11"]
[EventRounds "9"]
[EventCountry "AUT"]

1. d4 d5 2. c4 e6 3. Nc3 c6 4. e3 Nf6 5. Nf3 Be7 6. Bd3 O-O 7. O-O Nbd7 8. e4
dxe4 9. Nxe4 Nxe4 10. Bxe4 Nf6 11. Bc2 c5 12. dxc5 Bxc5 13. Bg5 Be7 14. Qe2 Qb6
15. Rfd1 h6 16. Bh4 Qc6 17. Ne5 Qc5 18. b3 b6 19. Rac1 Re8 20. Bxf6 Bxf6 21.
Qe4 Bxe5 22. Qxa8 Qc7 23. Qe4 Bxh2+ 24. Kh1 Be5 25. Rd3 Bb7 26. Qg4 Bf6 27.
Rcd1 Qc5 28. Rd7 h5 29. Qg3 Bc6 30. Rxa7 h4 31. Qd3 Qh5 32. Kg1 h3 33. Qxh3
Qxh3 34. gxh3 Be5 35. Re1 Bf4 36. Be4 Rc8 37. Bxc6 Rxc6 38. Rd1 g6 39. Rd8+ Kh7
40. Rdd7 Kh6 41. Rxf7 Be5 42. h4 Kh5 43. Rh7+ Kg4 44. Kg2 Rd6 45. Rag7 Kf5 46.
Rf7+ Kg4 47. Rh5 gxh5 48. Rh7 Rd2 49. a4 Bd4 50. Rf7 Rb2 51. Rf3 e5 52. Rg3+
Kxh4 53. Rh3+ Kg4 54. Rg3+ Kf5 55. Rf3+ Ke6 56. Kg3 e4 57. Rf4 Rxb3+ 58. Kh4
Ke5 59. Rf8 Bc5 60. Kxh5 Bxf8 {Mwd gibt auf}  0-1

[Event "1. OEsterreichische Internet Schach Meisterschaft - Vorrunde 1"]
[Site "Online - Playchess.com"]
[Date ""]
[Round "5"]
[Board "37"]
[White "Breneis, Gerhard"]
[Black "Fuchs, Georg"]
[Result "0-1"]
[WhiteElo "1990"]
[BlackElo "2234"]
[PlyCount "68"]
[EventDate "2020.04.11"]
[EventRounds "9"]
[EventCountry "AUT"]

1. e4 e5 2. Nc3 Nc6 3. Bc4 Nf6 4. d3 Be7 5. f4 d6 6. Nf3 O-O 7. O-O Na5 8. Bb3
Nxb3 9. axb3 Bg4 10. Qe1 Nd7 11. Qg3 Bxf3 12. Rxf3 c6 13. f5 Kh8 14. Be3 a5 15.
Qf2 b5 16. Rh3 Bg5 17. Kh1 Bxe3 18. Qxe3 Qb6 19. Qf3 a4 20. b4 a3 21. bxa3 Qd4
22. Rg1 Qxc3 23. g4 Rxa3 24. g5 Ra1 25. Qh5 Rxg1+ 26. Kxg1 Qe1+ 27. Kg2 h6 28.
f6 Qd2+ 29. Kf1 Qf4+ 30. Ke2 Nxf6 31. gxf6 Qxf6 32. Rf3 Qg5 33. Qh3 d5 34. Rf5
Qc1  0-1

[Event "1. OEsterreichische Internet Schach Meisterschaft - Vorrunde 1"]
[Site "Online - Playchess.com"]
[Date ""]
[Round "5"]
[Board "38"]
[White "Kondrak, Christoph"]
[Black "Brod, Manfred"]
[Result "0-1"]
[WhiteElo "2033"]
[BlackElo "2211"]
[PlyCount "106"]
[EventDate "2020.04.11"]
[EventRounds "9"]
[EventCountry "AUT"]

1. d4 Nf6 2. Nf3 g6 3. Bf4 Bg7 4. c4 d5 5. e3 O-O 6. h3 c5 7. Nc3 cxd4 8. Nxd4
Nc6 9. Nxc6 bxc6 10. Be2 Ba6 11. cxd5 Bxe2 12. Qxe2 Nxd5 13. Nxd5 Qa5+ 14. Qd2
Qxd2+ 15. Kxd2 cxd5 16. Rab1 e5 17. Bg3 f5 18. Rhc1 Rfc8 19. b4 d4 20. exd4
Bh6+ 21. Kd1 Bxc1 22. Rxc1 Rxc1+ 23. Kxc1 exd4 24. Kd2 Kf7 25. Kd3 Rd8 26. Be5
Ke6 27. Bxd4 a6 28. a4 Kd5 29. Bc5 Re8 30. Be3 Re4 31. Bd2 Rd4+ 32. Kc3 Rc4+
33. Kd3 h5 34. b5 Rxa4 35. bxa6 Rxa6 36. h4 Ra3+ 37. Ke2 Ke4 38. f3+ Kd4 39.
Bg5 Ra2+ 40. Kf1 Kd3 41. Kg1 Ke2 42. Bf6 Ra4 43. Bg5 Ra1+ 44. Kh2 Ra2 45. Be7
Kf1 46. Bd6 Rxg2+ 47. Kh3 Ra2 48. f4 Rb2 49. Be5 Rb3+ 50. Kh2 Ke2 51. Bd6 Kf3
52. Be5 Rb4 53. Bd6 Rxf4 {terfens gibt auf}  0-1

[Event "1. OEsterreichische Internet Schach Meisterschaft - Vorrunde 1"]
[Site "Online - Playchess.com"]
[Date ""]
[Round "5"]
[Board "39"]
[White "Rosol, Philip"]
[Black "Ragger, Anna-Christina"]
[Result "1/2-1/2"]
[WhiteElo "1468"]
[BlackElo "2204"]
[PlyCount "41"]
[EventDate "2020.04.11"]
[EventRounds "9"]
[EventCountry "AUT"]

1. e4 c6 2. d4 d5 3. e5 Bf5 4. h4 h6 5. g4 Bh7 6. e6 fxe6 7. Nf3 Nd7 8. Bd3
Bxd3 9. Qxd3 Kf7 10. h5 Ngf6 11. Qg6+ Kg8 12. Ne5 Qe8 13. f3 Nxe5 14. dxe5 Qxg6
15. hxg6 Nd7 16. f4 c5 17. c3 b5 18. a4 b4 19. cxb4 cxb4 20. Bd2 a5 21. Kf2
 1/2-1/2

[Event "1. OEsterreichische Internet Schach Meisterschaft - Vorrunde 1"]
[Site "Online - Playchess.com"]
[Date ""]
[Round "5"]
[Board "40"]
[White "Schein, Karl-Heinz"]
[Black "Ploeckinger, Paul"]
[Result "1-0"]
[WhiteElo "2187"]
[BlackElo "1334"]
[PlyCount "53"]
[EventDate "2020.04.11"]
[EventRounds "9"]
[EventCountry "AUT"]

1. e4 c5 2. Nf3 g6 3. c3 Bg7 4. d4 cxd4 5. cxd4 e6 6. Nc3 d5 7. e5 Ne7 8. Bg5
a6 9. Be2 Nbc6 10. O-O Qb6 11. Na4 Qb4 12. a3 Qa5 13. b4 Qc7 14. Rc1 b5 15. Nc5
O-O 16. Qd2 Qb6 17. Bh6 Nf5 18. Bxg7 Kxg7 19. g4 Nh6 20. Ng5 a5 21. Qf4 Nd8 22.
Rc3 axb4 23. Qf6+ Kg8 24. Rh3 Nxg4 25. Bxg4 h5 26. Bxh5 gxh5 27. Rxh5 {Zeit}
 1-0

[Event "1. OEsterreichische Internet Schach Meisterschaft - Vorrunde 1"]
[Site "Online - Playchess.com"]
[Date ""]
[Round "5"]
[Board "41"]
[White "Missethan, Michael"]
[Black "Nolz, Tom"]
[Result "1-0"]
[WhiteElo "2015"]
[BlackElo "2157"]
[PlyCount "121"]
[EventDate "2020.04.11"]
[EventRounds "9"]
[EventCountry "AUT"]

1. e4 c5 2. Nf3 Nc6 3. Bb5 g6 4. Bxc6 dxc6 5. O-O Bg7 6. d3 Nf6 7. Nc3 O-O 8.
Be3 b6 9. Qd2 Ng4 10. Bf4 e5 11. Bg3 f5 12. h3 f4 13. Bh4 Nf6 14. Nxe5 Nxe4 15.
Nxe4 Qxh4 16. Nf3 Qh5 17. Qe2 Bxb2 18. Rab1 Bg7 19. Neg5 h6 20. Ne4 g5 21. Nd6
g4 22. Nxc8 gxf3 23. Ne7+ Kh8 24. Qxf3 Qxf3 25. gxf3 Rf6 26. Rbe1 Bf8 27. Re4
Kg7 28. Kh2 Kf7 29. Rfe1 Re8 30. Nf5 Rxe4 31. fxe4 Ke6 32. Rg1 b5 33. Rg8 c4
34. Kg2 cxd3 35. cxd3 c5 36. Kf3 Kf7 37. Rg1 Bd6 38. Rb1 b4 39. Nxd6+ Rxd6 40.
Ke2 Ke6 41. Rg1 a5 42. Rg8 a4 43. Rb8 a3 44. Kd2 Ke5 45. Kc2 Kd4 46. Rf8 Ke5
47. Re8+ Kd4 48. Rf8 Rg6 49. Rxf4 Rg1 50. Rf5 Rg5 51. Rxg5 hxg5 52. Kd2 c4 53.
dxc4 Kxe4 54. Kc2 Kd4 55. Kb3 Ke4 56. c5 Kd5 57. Kxb4 Kc6 58. Kc4 Kd7 59. Kd5
Kc7 60. c6 g4 61. hxg4  1-0

[Event "1. OEsterreichische Internet Schach Meisterschaft - Vorrunde 1"]
[Site "Online - Playchess.com"]
[Date ""]
[Round "5"]
[Board "42"]
[White "Brehovsky, Paul"]
[Black "Flir, Emilio"]
[Result "1/2-1/2"]
[WhiteElo "2149"]
[BlackElo "1843"]
[PlyCount "69"]
[EventDate "2020.04.11"]
[EventRounds "9"]
[EventCountry "AUT"]

1. d4 d5 2. c4 c6 3. Nf3 Nf6 4. Nc3 dxc4 5. a4 Bf5 6. Ne5 e6 7. Nxc4 Nbd7 8. f3
Bb4 9. Qb3 a5 10. e4 Bg6 11. Be3 O-O 12. Be2 b5 13. Ne5 Nxe5 14. dxe5 Nd7 15.
axb5 cxb5 16. Bxb5 Rb8 17. Bxd7 Qxd7 18. Qc2 Rfc8 19. O-O Qc7 20. f4 Bxc3 21.
bxc3 Qxc3 22. Qxc3 Rxc3 23. Ba7 Rbc8 24. f5 Bh5 25. Rxa5 Be2 26. Re1 Bd3 27.
Re3 exf5 28. exf5 Bxf5 29. Rxc3 Rxc3 30. Bd4 Rc1+ 31. Kf2 Rc2+ 32. Kg3 h6 33.
Ra8+ Kh7 34. Ra7 Be6 35. h4  1/2-1/2

[Event "1. OEsterreichische Internet Schach Meisterschaft - Vorrunde 1"]
[Site "Online - Playchess.com"]
[Date ""]
[Round "5"]
[Board "43"]
[White "Strodl, Joachim"]
[Black "Friedl, Markus"]
[Result "1-0"]
[WhiteElo "2137"]
[BlackElo "1857"]
[PlyCount "103"]
[EventDate "2020.04.11"]
[EventRounds "9"]
[EventCountry "AUT"]

1. d4 d5 2. Nf3 e6 3. g3 Nf6 4. Bg2 Be7 5. O-O O-O 6. c4 c6 7. Qc2 Nbd7 8. Nc3
dxc4 9. Nd2 Nb6 10. a4 Nbd5 11. Nxc4 Nxc3 12. bxc3 Nd5 13. e4 Nb6 14. Ne5 Bd7
15. a5 Nc8 16. Rd1 Bf6 17. Ng4 Qe7 18. e5 Bg5 19. f4 Bh6 20. Nxh6+ gxh6 21. Ba3
Qe8 22. Bxf8 Qxf8 23. Qe2 Ne7 24. Rdb1 Rb8 25. Be4 Qg7 26. Kf2 Nd5 27. Bxd5
exd5 28. Rb2 Bg4 29. Qa6 Qg6 30. Rxb7 Rf8 31. Rb2 Qe4 32. Kg1 Qe3+ 33. Rf2 Qxc3
34. Qf1 Qxd4 35. h3 Bxh3 36. Rd1 Qa4 37. Qe2 Bf5 38. Qd2 Bg4 39. Rc1 a6 40. f5
Qe4 41. Qxh6 Bxf5 42. Rcf1 Bg6 43. Qf4 Qd3 44. e6 Kg7 45. Qf6+ Kh6 46. Qh4+ Kg7
47. e7 Re8 48. Qf6+ Kg8 49. Qg5 Qc3 50. Rxf7 Qd4+ 51. Kh2 Qb2+ 52. R1f2  1-0

[Event "1. OEsterreichische Internet Schach Meisterschaft - Vorrunde 1"]
[Site "Online - Playchess.com"]
[Date ""]
[Round "5"]
[Board "44"]
[White "Guba, Viktor"]
[Black "Schloffer, Jasmin-Denise"]
[Result "0-1"]
[WhiteElo "1401"]
[BlackElo "2110"]
[PlyCount "62"]
[EventDate "2020.04.11"]
[EventRounds "9"]
[EventCountry "AUT"]

1. e4 e5 2. Nf3 Nc6 3. d4 exd4 4. Bc4 Nf6 5. e5 d5 6. Bb5 Ne4 7. Nxd4 Bd7 8.
Bxc6 bxc6 9. O-O Bc5 10. Be3 Bb6 11. f3 Ng5 12. f4 Ne4 13. Nd2 Nxd2 14. Qxd2
O-O 15. Rae1 Re8 16. Nb3 f6 17. exf6 Qxf6 18. Bd4 Bxd4+ 19. Qxd4 Qg6 20. Rxe8+
Rxe8 21. Nc5 Bh3 22. Qd2 Bg4 23. Re1 h5 24. Rxe8+ Qxe8 25. Na6 Qe7 26. Qf2 Bf5
27. h3 Qe4 28. c3 Qb1+ 29. Kh2 Qxa2 30. Nxc7 Qa4 31. Qc5 Qxf4+ {Viktor09 gibt
auf}  0-1

[Event "1. OEsterreichische Internet Schach Meisterschaft - Vorrunde 1"]
[Site "Online - Playchess.com"]
[Date ""]
[Round "5"]
[Board "45"]
[White "Kuzmanovic, Zeljko"]
[Black "Hofer, Maximilian"]
[Result "0-1"]
[WhiteElo "1811"]
[BlackElo "2108"]
[PlyCount "56"]
[EventDate "2020.04.11"]
[EventRounds "9"]
[EventCountry "AUT"]

1. Nf3 Nf6 2. c4 g6 3. d4 Bg7 4. g3 d5 5. Bg2 O-O 6. O-O c6 7. b3 Bf5 8. Nc3
Na6 9. a3 Nc7 10. Nh4 Be6 11. Qd3 Rc8 12. Bb2 Qd7 13. e4 Bh3 14. Rac1 dxe4 15.
Nxe4 Bxg2 16. Nxf6+ Bxf6 17. Nxg2 c5 18. Rfd1 Rfd8 19. Qf3 cxd4 20. Qxb7 Rb8
21. Qxa7 Rxb3 22. Ba1 Ra8 23. Qc5 Ne6 24. Qd5 Qa7 25. c5 Rxa3 26. Nf4 Nxc5 27.
Bxd4 Bxd4 28. Rxd4 Nb3 {Zeit}  0-1

[Event "1. OEsterreichische Internet Schach Meisterschaft - Vorrunde 1"]
[Site "Online - Playchess.com"]
[Date ""]
[Round "5"]
[Board "46"]
[White "Streiter, Gerhard"]
[Black "Balint, Peter"]
[Result "1-0"]
[WhiteElo "1964"]
[BlackElo "2105"]
[PlyCount "123"]
[EventDate "2020.04.11"]
[EventRounds "9"]
[EventCountry "AUT"]

1. e4 e5 2. Bc4 Nf6 3. d3 Nc6 4. Nf3 d5 5. exd5 Nxd5 6. O-O Be6 7. Re1 Bd6 8.
Nbd2 O-O 9. a4 a6 10. c3 Kh8 11. Ne4 f5 12. Nfg5 Bg8 13. Nxd6 cxd6 14. Nxh7
Bxh7 15. Bxd5 Rb8 16. Qh5 Qf6 17. Bg5 Qg6 18. Qh4 f4 19. Be4 Rf5 20. Bxf5 Qxf5
21. Rad1 Rf8 22. f3 Kg8 23. Qg4 Qf7 24. d4 Bf5 25. Qh4 Qg6 26. d5 Na5 27. b4
Nc4 28. Be7 Re8 29. g4 Ne3 30. Rc1 Kf7 31. Bg5 Bd7 32. Rxe3 fxe3 33. Bxe3 e4
34. f4 Bxg4 35. Kf2 Bf3 36. Rg1 Qh6 37. Qg3 Rh8 38. f5 Qxh2+ 39. Qxh2 Rxh2+ 40.
Kg3 Re2 41. Bd4 g6 42. fxg6+ Kxg6 43. Kf4+ Kh6 44. Rg7 Rd2 45. Rxb7 Rh2 46. b5
Rh4+ 47. Ke3 axb5 48. axb5 Rh1 49. Rd7 Re1+ 50. Kf4 Rb1 51. b6 Rb5 52. Rxd6+
Kh7 53. c4 Rb4 54. Rc6 Rb3 55. d6 Kg6 56. d7+ Kh7 57. d8=Q Rxb6 58. Rxb6 Bg4
59. Qh4+ Kg8 60. Qxg4+ Kf7 61. Qg7+ Ke8 62. Rb8#  1-0

[Event "1. OEsterreichische Internet Schach Meisterschaft - Vorrunde 1"]
[Site "Online - Playchess.com"]
[Date ""]
[Round "5"]
[Board "47"]
[White "Mira, Helene"]
[Black "Schwarz, Christian"]
[Result "0-1"]
[WhiteElo "2082"]
[BlackElo "1948"]
[PlyCount "130"]
[EventDate "2020.04.11"]
[EventRounds "9"]
[EventCountry "AUT"]

1. d4 Nf6 2. c4 e6 3. Nf3 d5 4. g3 Be7 5. Bg2 O-O 6. O-O dxc4 7. Ne5 Nbd7 8.
Nxc4 Nb6 9. Ne5 c6 10. e3 Qc7 11. Nd3 Rd8 12. b3 Nbd5 13. Bb2 a5 14. e4 Nb4 15.
a3 Nxd3 16. Qxd3 b6 17. Nc3 Ba6 18. Qe3 Bxf1 19. Bxf1 b5 20. Rc1 Qb6 21. Kg2 e5
22. dxe5 Qxe3 23. fxe3 Rd2+ 24. Kf3 Rxb2 25. exf6 Bxf6 26. Ne2 Rxb3 27. Rxc6
Rxa3 28. Nf4 b4 29. Nd5 Be5 30. Bc4 Kf8 31. Nb6 Rd8 32. Bd5 Bd4 33. Nc4 Rc3 34.
Rc7 b3 35. Rxf7+ Ke8 36. Rb7 b2 37. Kf4 Rxc4 38. Bxc4 Bc3 39. Bf7+ Kf8 40. Ba2
Rd1 41. e5 Bb4 42. Rf7+ Ke8 43. Rxg7 b1=Q 44. Bxb1 Rxb1 45. Kf5 a4 46. Rxh7 a3
47. Ke6 a2 48. Rb7 Kd8 49. Ra7 a1=Q 50. Rxa1 Rxa1 51. g4 Rg1 52. Kf5 Be7 53. e6
Ke8 54. e4 Kf8 55. h3 Rg3 56. Kg6 Rxh3 57. e5 Re3 58. g5 Rxe5 59. Kh7 Rxg5 60.
Kh6 Bf6 61. Kh7 Ke7 62. Kh6 Kxe6 63. Kh7 Kf7 64. Kh6 Be7 65. Kh7 Rh5#  0-1

[Event "1. OEsterreichische Internet Schach Meisterschaft - Vorrunde 1"]
[Site "Online - Playchess.com"]
[Date ""]
[Round "5"]
[Board "48"]
[White "Keim, Philipp"]
[Black "Riemelmoser, Stefan"]
[Result "0-1"]
[WhiteElo "1919"]
[BlackElo "2046"]
[PlyCount "146"]
[EventDate "2020.04.11"]
[EventRounds "9"]
[EventCountry "AUT"]

1. Nf3 d5 2. g3 e6 3. c4 Nf6 4. Bg2 Be7 5. O-O O-O 6. b3 dxc4 7. bxc4 c5 8. Bb2
Nc6 9. d3 Qc7 10. Nbd2 b6 11. Ne5 Bb7 12. Nxc6 Bxc6 13. Nf3 Qb7 14. Rb1 Nd7 15.
Qc2 Bf6 16. a4 Bxb2 17. Rxb2 Qa6 18. Ra1 Qa5 19. h4 Bxf3 20. Bxf3 Ne5 21. Bg2
h6 22. Rb5 Qa6 23. Qb2 Rab8 24. Qxe5 Qc8 25. Be4 Rd8 26. h5 Qd7 27. Qf4 Qe7 28.
Qh4 Qc7 29. Kg2 Rd4 30. e3 Rd7 31. Rd1 Qe5 32. d4 Qc7 33. Bb1 Rbd8 34. Qe4 Kf8
35. d5 Qd6 36. Bc2 e5 37. Qh7 Qf6 38. Qf5 Qd6 39. a5 Rb8 40. axb6 axb6 41. Ra1
Ke7 42. Ra6 Rbb7 43. Rb1 f6 44. Qg6 Kf8 45. Bf5 Rd8 46. Be6 b5 47. Rxb5 Qxa6
48. Rxb7 Qxb7 49. e4 Qe7 50. Qh7 Ke8 51. Qg6+ Kf8 52. f4 exf4 53. gxf4 Rd6 54.
Qh7 Rxe6 55. Qh8+ Kf7 56. dxe6+ Qxe6 57. Qa8 Qg4+ 58. Kf2 Qxf4+ 59. Ke2 Qg4+
60. Kd3 Qxh5 61. Qa7+ Kg8 62. Qb8+ Kh7 63. Qc7 Qe5 64. Qd7 h5 65. Ke3 h4 66.
Qg4 Qg3+ 67. Qxg3 hxg3 68. Kf3 Kg6 69. Kxg3 Kf7 70. Kf4 Ke6 71. Ke3 Ke5 72. Kf3
Kd4 73. Kf4 Kxc4 {Caro81 gibt auf}  0-1

[Event "1. OEsterreichische Internet Schach Meisterschaft - Vorrunde 1"]
[Site "Online - Playchess.com"]
[Date ""]
[Round "5"]
[Board "49"]
[White "Pernerstorfer, Markus"]
[Black "Meglitsch, Konstantin"]
[Result "0-1"]
[WhiteElo "1582"]
[BlackElo "2041"]
[PlyCount "78"]
[EventDate "2020.04.11"]
[EventRounds "9"]
[EventCountry "AUT"]

1. e4 e6 2. d4 d5 3. Nd2 c5 4. exd5 Qxd5 5. Ngf3 cxd4 6. Bc4 Qd6 7. O-O Nf6 8.
Nb3 Nc6 9. Nbxd4 Nxd4 10. Nxd4 a6 11. a4 Qc7 12. Qe2 Bd6 13. h3 O-O 14. a5 Bd7
15. b3 Rad8 16. Bb2 Nd5 17. Rfd1 Nf4 18. Qf3 e5 19. Ne2 Bc6 20. Qe3 Nxg2 21.
Qg5 h6 22. Qg4 Kh8 23. Ng3 g6 24. Kh2 Nf4 25. h4 f5 26. Qxf4 Kh7 27. Qe3 f4 28.
Qb6 fxg3+ 29. fxg3 Qxb6 30. axb6 e4 31. Rf1 e3 32. Rae1 Bc5 33. Bc1 Rxf1 34.
Rxf1 Rd7 35. Bd3 Re7 36. Re1 Kg7 37. g4 Kf7 38. Kg3 Bxb6 39. Kf4 Bc7#  0-1

[Event "1. OEsterreichische Internet Schach Meisterschaft - Vorrunde 1"]
[Site "Online - Playchess.com"]
[Date ""]
[Round "5"]
[Board "50"]
[White "Stolzlechner, Andreas"]
[Black "Horvath, Maria"]
[Result "1/2-1/2"]
[WhiteElo "1835"]
[BlackElo "1995"]
[PlyCount "76"]
[EventDate "2020.04.11"]
[EventRounds "9"]
[EventCountry "AUT"]

1. e4 e6 2. d4 d5 3. Nc3 Nf6 4. Bg5 Be7 5. e5 Nfd7 6. Bxe7 Qxe7 7. f4 a6 8. Nf3
c5 9. Be2 Nc6 10. O-O cxd4 11. Nxd4 O-O 12. Kh1 Qc5 13. Nxc6 bxc6 14. Rf3 Qe7
15. Rh3 f6 16. Bd3 g6 17. Qe2 Nc5 18. Rg3 Nxd3 19. Qxd3 fxe5 20. fxe5 Bd7 21.
Rf1 Rxf1+ 22. Qxf1 Rf8 23. Rf3 Rxf3 24. Qxf3 Qg5 25. Qe2 Qc1+ 26. Nd1 c5 27. h3
Bb5 28. Qe1 Qxc2 29. Kh2 Bd3 30. Qh4 Qxd1 31. Qd8+ Kg7 32. Qe7+ Kh6 33. Qf8+
Kh5 34. g4+ Kg5 35. Qf6+ Kh6 36. Qf8+ Kg5 37. Qf6+ Kh6 38. Qf8+ Kg5  1/2-1/2

[Event "1. OEsterreichische Internet Schach Meisterschaft - Vorrunde 1"]
[Site "Online - Playchess.com"]
[Date ""]
[Round "5"]
[Board "51"]
[White "Holzleithner, Johannes"]
[Black "Doujak, Gabriel Andreas"]
[Result "1-0"]
[WhiteElo "1979"]
[BlackElo "1980"]
[PlyCount "75"]
[EventDate "2020.04.11"]
[EventRounds "9"]
[EventCountry "AUT"]

1. e4 d6 2. d4 Nf6 3. Nc3 g6 4. Be3 c6 5. Be2 Nbd7 6. f3 b5 7. Qd2 Nb6 8. b3
Bb7 9. g4 a5 10. g5 Nfd7 11. f4 e5 12. dxe5 dxe5 13. Nf3 exf4 14. Bd4 Rg8 15.
Qxf4 Bc5 16. Rd1 Bxd4 17. Rxd4 Qe7 18. O-O O-O-O 19. Rfd1 f6 20. gxf6 Nxf6 21.
Rxd8+ Rxd8 22. Rxd8+ Qxd8 23. Bf1 Ba6 24. Bh3+ Kb7 25. e5 Nfd5 26. Qf7+ Qc7 27.
e6 Nc8 28. Nxd5 cxd5 29. Nd4 Nd6 30. Qd7 Qxd7 31. exd7 Kc7 32. Ne6+ Kxd7 33.
Nc5+ Kc7 34. Nxa6+ Kb6 35. Nb8 Kc5 36. Kf2 Kb4 37. Be6 d4 38. Nc6+ {Zeit}  1-0

[Event "1. OEsterreichische Internet Schach Meisterschaft - Vorrunde 1"]
[Site "Online - Playchess.com"]
[Date ""]
[Round "5"]
[Board "52"]
[White "Pasteiner, Gernot"]
[Black "Kucharski, Michael"]
[Result "0-1"]
[WhiteElo "1632"]
[BlackElo "1927"]
[PlyCount "74"]
[EventDate "2020.04.11"]
[EventRounds "9"]
[EventCountry "AUT"]

1. e4 c6 2. c4 d5 3. exd5 cxd5 4. cxd5 Nf6 5. Nc3 Nxd5 6. Bb5+ Nc6 7. Nf3 g6 8.
O-O Bg7 9. Re1 O-O 10. d4 Bg4 11. Be2 Rc8 12. h3 Bxf3 13. Bxf3 e6 14. Nxd5 exd5
15. Be3 Qb6 16. Rb1 Rcd8 17. a3 Bxd4 18. Bxd4 Qxd4 19. Qxd4 Nxd4 20. Bd1 Rfe8
21. Ba4 b5 22. Rxe8+ Rxe8 23. Bd1 Re1+ 24. Kh2 Kg7 25. a4 b4 26. Bc2 Nxc2 27.
Rxe1 Nxe1 28. b3 Nc2 29. Kg3 Nd4 30. Kf4 Nxb3 31. Ke5 d4 32. Ke4 f5+ 33. Kd3
Nc5+ 34. Kxd4 Nxa4 35. Kc4 a5 36. Kb5 b3 37. Kxa4 b2 {Scoville gibt auf}  0-1